<?xml version="1.0" encoding="UTF-8"?><?xml-stylesheet type="text/xsl" href="static/style.xsl"?><OAI-PMH xmlns="http://www.openarchives.org/OAI/2.0/" xmlns:xsi="http://www.w3.org/2001/XMLSchema-instance" xsi:schemaLocation="http://www.openarchives.org/OAI/2.0/ http://www.openarchives.org/OAI/2.0/OAI-PMH.xsd"><responseDate>2026-06-01T12:32:27Z</responseDate><request verb="GetRecord" identifier="oai:riuma.uma.es:10630/27673" metadataPrefix="marc">https://riuma.uma.es/rest/oai/request</request><GetRecord><record><header><identifier>oai:riuma.uma.es:10630/27673</identifier><datestamp>2026-02-03T11:56:44Z</datestamp><setSpec>com_10630_2254</setSpec><setSpec>col_10630_37959</setSpec></header><metadata><record xmlns="http://www.loc.gov/MARC21/slim" xmlns:dcterms="http://purl.org/dc/terms/" xmlns:doc="http://www.lyncode.com/xoai" xmlns:xsi="http://www.w3.org/2001/XMLSchema-instance" xsi:schemaLocation="http://www.loc.gov/MARC21/slim http://www.loc.gov/standards/marcxml/schema/MARC21slim.xsd">
   <leader>00925njm 22002777a 4500</leader>
   <datafield ind2=" " ind1=" " tag="042">
      <subfield code="a">dc</subfield>
   </datafield>
   <datafield ind2=" " ind1=" " tag="720">
      <subfield code="a">Mérida-López, Sergio</subfield>
      <subfield code="e">author</subfield>
   </datafield>
   <datafield ind2=" " ind1=" " tag="720">
      <subfield code="a">Extremera-Pacheco, Natalio</subfield>
      <subfield code="e">author</subfield>
   </datafield>
   <datafield ind2=" " ind1=" " tag="260">
      <subfield code="c">2023</subfield>
   </datafield>
   <datafield ind2=" " ind1=" " tag="520">
      <subfield code="a">Introducción: la reducción de los niveles de insatisfacción y el aumento de las herramientas disponibles para hacer frente a situaciones estresantes en la enseñanza son dos de los principales desafíos actuales en este ámbito. Pese a los estudios que vinculan los recursos laborales como el apoyo social de compañeros con mayores niveles de dedicación o satisfacción laboral, no existen trabajos hasta la fecha que exploren el papel modulador de ciertos recursos personales en esta relación. &#xd;
Objetivo: este estudio exploratorio evalúa el papel de la inteligencia emocional como variable moderadora en la relación entre el apoyo de compañeros y la satisfacción laboral en una muestra de profesorado. &#xd;
Método: en este trabajo se utilizó un muestreo incidental no aleatorio con un diseño de corte transversal. Se contó con una muestra total de 973 docentes (56,6% mujeres) de varios centros educativos de Educación Primaria y Secundaria. &#xd;
Resultados: los resultados mostraron que la inteligencia emocional se asoció positivamente con el apoyo de compañeros y con la satisfacción laboral. Además, se hallaron efectos directos y de interacción. En concreto, los resultados mostraron que los niveles más altos de satisfacción laboral eran informados por aquellos docentes con alto apoyo de compañeros y alta inteligencia emocional. Además, el apoyo de compañeros se asociaba positivamente con los niveles de satisfacción laboral cuando los niveles de inteligencia emocional eran bajos o medios. &#xd;
Discusión y conclusiones: El presente estudio muestra la necesidad de incorporar herramientas relacionadas con la creación de ambientes positivos y de apoyo en los centros educativos, así como el entrenamiento en habilidades emocionales entre los docentes en programas multifacéticos de formación del profesorado como forma de promover actitudes laborales más positivas.</subfield>
   </datafield>
   <datafield ind1="8" ind2=" " tag="024">
      <subfield code="a">https://hdl.handle.net/10630/27673</subfield>
   </datafield>
   <datafield tag="653" ind2=" " ind1=" ">
      <subfield code="a">Emociones</subfield>
   </datafield>
   <datafield tag="653" ind2=" " ind1=" ">
      <subfield code="a">Profesores</subfield>
   </datafield>
   <datafield tag="653" ind2=" " ind1=" ">
      <subfield code="a">Inteligencia</subfield>
   </datafield>
   <datafield tag="653" ind2=" " ind1=" ">
      <subfield code="a">Psicología social</subfield>
   </datafield>
   <datafield ind2="0" ind1="0" tag="245">
      <subfield code="a">Recursos personales y laborales del profesorado y satisfacción laboral: estudio de efectos directos e interactivos.</subfield>
   </datafield>
</record>
</metadata></record></GetRecord></OAI-PMH>